000 01395cad a22002895a 4500
001 L141543
002 ##7217
008 030519e20071127xxk f 000 0 eng u
020 _a9781842191477
035 _a(Sirsi) u141543
041 0 _aeng
050 0 4 _a333.332 $2 18
110 2 _aRoyal Institution of Chartered Surveyors
_bValuation Faculty
_94354
245 0 0 _aRural property valuation
_bvaluation information paper no. 5
_h[electronic resource]
260 _aLondon
_bRICS
_c2007
490 0 _aRICS Information Paper
490 0 _aRICS Valuation Information Paper
_v(05)
520 _aProvides supplementary information for members carrying out the valuation of rural property in accordance with the Red Book. Written in the context of UK law and practice, but the matters covered may be relevant in other states. Effective from December 2007.
521 _aAdvanced
650 2 4 _aRICS appraisal and valuation standards
651 4 _aUnited Kingdom
_y
690 _aPROPERTY-RURAL AND NATURAL ASSETS-RURAL AND NATURAL ASSET VALUATION AND APPRAISAL
710 2 _aRoyal Institution of Chartered Surveyors
_bRural Faculty
_94160
710 2 _aRoyal Institution of Chartered Surveyors
_bRural Valuation Group
_94584
856 4 0 _uhttps://www.rics.org/Global/Downloads/5_RuralPropertyVal_07_1_.pdf
_zView the valuation information paper free of charge at www.rics.org/...
942 _n0
999 _c107694
_d107694